| 000 | 00679nam a2200217Ia 4500 | ||
|---|---|---|---|
| 003 | OSt | ||
| 005 | 20241007095917.0 | ||
| 008 | 210716s2006 xx 000 0 und d | ||
| 020 | _a817808970X | ||
| 040 | _cAIMIT LIBRARY | ||
| 041 | _aeng | ||
| 082 |
_a382 _21 _bSHAV |
||
| 100 |
_aSharan, Vyuptakesh. _9181543 |
||
| 245 |
_aInternational business : _bconcept, environment and strategy / _cBy Vyuptakesh Sharan. |
||
| 250 | _a1st ed. | ||
| 260 |
_aNew Delhi : _bPearson Education , _c2006. |
||
| 300 |
_a554p. ; _bPB _c25 cm |
||
| 650 |
_aInternational Business environment _9181544 |
||
| 650 |
_aStrategy of international business _9181545 |
||
| 942 |
_2ddc _cBK _e1st _k382 SHAV |
||
| 999 |
_c199133 _d199133 |
||